LEADER 01206nam a2200301 i 4500 001 000000145260 003 CaOOAMICUS 005 20051121000000.0 008 051121s1988 it u000 u ita u 013 $a120652 020 $a88-7644-111-5 040 $aSeMil$bita 100 1 $aNegri, Ada,$d<1870-1945>.$0(OLS)http://semarc/name/8281 245 13$aLa cacciatora :$be altri racconti /$cAda Negri ; a cura di Antonia Arslan e Anna Folli. 260 $aMilano :$bLibri Scheiwiller,$c1988. 300 $a95 p. ;$c17 cm. 490 0 $aVecchi tipi ;$v6 500 $aFondo Ciprandi. 700 1 $aFolli, Anna.$0(OLS)http://semarc/name/57952 700 1 $aArslan, Antonia,$d<1938- >.$0(OLS)http://semarc/name/25387 830 0$aVecchi tipi [Libri Scheiwiller] ;$v6.$0(OLS)http://semarc/title/10229 850 $aSeMil 852 $aSeMil$W1$xVenegono$y1$m1C II 146$j98073$B98073$CSeMilBibl$Z2$F105953 $81 941 1 $a1 961 $aOmaggio: Ciprandi dott. Paolo 996 $6020$a88-7644-111-5$9(OLS)http://semarc/number/133710 996 $6245$aLa cacciatora :$be altri racconti$9(OLS)http://semarc/title/212472 996 $6260$aMilano :$bLibri Scheiwiller$9(OLS)http://semarc/publisher/29791 LEADER 01805nam a2200349 i 4500 001 000000168887 003 CaOOAMICUS 005 20080130000000.0 008 080130s2007 be u000 u mul u 013 $a146289 020 $a978-90-5867-634-4 020 $a978-90-429-1969-3 040 $aSeMil$bita 245 10$aAncient and modern scriptural historiography =$bL'historiographie biblique, ancienne et moderne /$cEdited by George J. Brooke, Thomas Römer. 246 01$aL'historiographie biblique, ancienne et moderne 260 $aLeuven ; Paris ; Dudley (MA) :$bUitgeverij Peeters,$c2007. 260 $aLeuven :$bUniversity Press,$c2007. 300 $aXXXVII, 371,4 p. ;$c25 cm. 490 0 $aBibliotheca Ephemeridum Theologicarum Lovaniensium ;$v207. 650 4$aBibbia - Storiografia.$0(OLS)http://semarc/subject/7539 700 1 $aRömer, Thomas,$d<1955- >.$0(OLS)http://semarc/name/21058 700 1 $aBrooke, George J.$0(OLS)http://semarc/name/11267 830 0$aBibliotheca Ephemeridum Theologicarum Lovaniensium ;$v207.$0(OLS)http://semarc/title/108 850 $aSeMil 852 $aSeMil$W1$xVenegono$y1$m2IA A 207$j119887$B119887$CSeMilBibl$Z2$F131002 $81 961 $aSottoscrizione: Glossa 996 $6020$a978-90-5867-634-4$9(OLS)http://semarc/number/155730 996 $6020$a978-90-429-1969-3$9(OLS)http://semarc/number/155731 996 $6245$aAncient and modern scriptural historiography =$bL'historiographie biblique, ancienne et moderne$9(OLS)http://semarc/title/241570 996 $6246$aL'historiographie biblique, ancienne et moderne$9(OLS)http://semarc/title/241571 996 $6260$aLeuven :$bUniversity Press$9(OLS)http://semarc/publisher/30124 996 $6260$aLeuven ; Paris ; Dudley (MA) :$bUitgeverij Peeters$9(OLS)http://semarc/publisher/34531